Fr. Conceicao Rodrigues College of Engineering

Programming Pearls (Record no. 30697)

MARC details
000 -LEADER
fixed length control field 00305nam a2200157Ia 4500
082 ## - DEWEY DECIMAL CLASSIFICATION NUMBER
Classification number 005.1/BEN
Item number BEN
100 ## - MAIN ENTRY--PERSONAL NAME
Personal name Bentley/Jon
250 ## - EDITION STATEMENT
Edition statement 2
245 ## - TITLE STATEMENT
Title Programming Pearls
260 ## - PUBLICATION, DISTRIBUTION, ETC.
Name of publisher, distributor, etc. Pearson Ed
Date of publication, distribution, etc. 2000
300 ## - PHYSICAL DESCRIPTION
Extent 239
546 ## - LANGUAGE NOTE
Language note ENGLISH
654 ## - SUBJECT ADDED ENTRY--FACETED TOPICAL TERMS
Focus term Pearls
942 ## - ADDED ENTRY ELEMENTS (KOHA)
Koha item type BOOK
Holdings
Withdrawn status Lost status Damaged status Not for loan Collection Home library Current library Date acquired Source of acquisition Total Checkouts Full call number Barcode Date last seen Price effective from Koha item type
        CRC Fr. Agnel's C.Rodrigues College of Engineering Fr. Agnel's C.Rodrigues College of Engineering 17/03/2023 Donated by INFOSYS   005.1/BEN BEN 16328 17/03/2023   BOOK
        CRC Fr. Agnel's C.Rodrigues College of Engineering Fr. Agnel's C.Rodrigues College of Engineering 17/03/2023 Donated by INFOSYS   005.1/BEN BEN 16329 17/03/2023   BOOK
        CRC Fr. Agnel's C.Rodrigues College of Engineering Fr. Agnel's C.Rodrigues College of Engineering 17/03/2023 Donated by INFOSYS   005.1/BEN BEN 16330 17/03/2023   BOOK
        CRC Fr. Agnel's C.Rodrigues College of Engineering Fr. Agnel's C.Rodrigues College of Engineering 17/03/2023 Donated by INFOSYS   005.1/BEN BEN 16331 17/03/2023   BOOK